| 000 | 00809nam a22001935i 4500 | ||
|---|---|---|---|
| 001 | 167093 | ||
| 003 | ES-MaACL | ||
| 005 | 20231229063053.0 | ||
| 008 | 990728s1847 sp |||| | spa d | ||
| 040 |
_aCCPB | B _bspa _cCCPB | B |
||
| 100 | 1 |
_aVega, Ventura de la, _d1807-1865 _9113584 |
|
| 245 | 1 | 0 |
_aDon Fernando el de Antequera _b: drama historico en tres actos / _cpor Ventura de la Vega. |
| 260 |
_aMadrid : _b[Manuel Delgado], _c1847 ( _fImprenta de Repullés) |
||
| 300 |
_a107 p. ; _c19 cm. |
||
| 490 | 1 | _aGalería dramática | |
| 830 | 0 |
_aGalería dramática _9186796 |
|
| 852 |
_aES-MaACL _jF-8607(1) _z-- Enc. pasta española _z-- Enc. en un vol. facticio formando parte de la col. facticia "Teatro español moderno", vol. 62 _q.- Falto de la cub. original |
||
| 999 |
_c167093 _d167093 |
||